Body language.

Bibliographic Details
Main Author: Fast, Julius, 1919-2008
Format: Book
Language:English
Subjects:

MARC

Tag First Indicator Second Indicator Subfields
LEADER 00000cam a2200000 4500
001 in00000090809
005 20150923131219.0
008 700604s1970 nyu b 00000 eng
010 |a  72106592  
019 |a 2720252 
035 |a (OCoLC)00077186 
035 |9 AAK6653AM 
040 |a DLC  |c DLC  |d TJM  |d m.c.  |d TXA  |d UtOrBLW 
049 |a TXAM c [1503453] 
050 0 0 |a BF637 C45  |b F35 
090 |a BF637.C45  |b F35 
100 1 |a Fast, Julius,  |d 1919-2008. 
245 1 0 |a Body language. 
264 2 |a New York :  |b M. Evans; distributed in association with Lippincott,  |c [1970] 
300 |a 192 pages ;  |c 22 cm. 
336 |a text  |b txt  |2 rdacontent 
337 |a unmediated  |b n  |2 rdamedia 
338 |a volume  |b nc  |2 rdacarrier 
504 |a Bibliography: pages 191-192. 
536 |a A gift from Michael L. Greenwald, August 2007. 
650 0 |a Body language. 
650 2 |a Kinesics. 
999 |a MARS 
999 f f |s 0f5b6ac4-f83c-347d-9f47-323b3dcfe8d2  |i 083ad26d-2407-3036-92a9-0ec8021e9379  |t 0 
952 f f |p ric  |a Texas A&M University  |b Rellis Campus  |c Joint Library Facility  |d Remote Storage  |t 0  |e BF637.C45 F35  |h Library of Congress classification  |i unmediated -- volume  |m A14836343912 
998 f f |a BF637.C45 F35  |t 0  |l Remote Storage